| 000 | 00594nam a2200181Ia 4500 | ||
|---|---|---|---|
| 008 | 090124s9999 xx 000 0 und d | ||
| 082 | _b100981 | ||
| 100 | _aआपटे हरि नारायण | ||
| 245 | _a गणपतराव (पूर्वार्ध) | ||
| 250 | _a2 | ||
| 260 | _c1930 | ||
| 300 | _a185 | ||
| 600 | _aआपटे हरि नारायण | ||
| 630 | _a गणपतराव (पूर्वार्ध) | ||
| 700 | _aआपटे हरि नारायण | ||
| 730 | _a गणपतराव (पूर्वार्ध) | ||
| 942 | _cBOOK | ||
| 999 |
_c147073 _d147073 |
||